| 000 | 01588nam a2200241Ia 4500 | ||
|---|---|---|---|
| 003 | Ost | ||
| 005 | 20260507074957.0 | ||
| 008 | 260507s9999||||xx |||||||||||||| ||und|| | ||
| 040 | _cfsecg | ||
| 041 | _aara | ||
| 082 | _a301.14 | ||
| 100 |
_aجعلوط، سامر _eمؤلف |
||
| 245 | 0 |
_aالاتصال والاتصال الاداري : _bالمبادئ والممارسة / _c سامر جعلوط |
|
| 260 |
_aدمشق: _bدار الرضا للنشر, _c2002 |
||
| 300 |
_a284 صفحة؛ _bإيضاحات ؛ _c25 سم |
||
| 490 |
_aسلسلة الرضا للمعلومات _v176 |
||
| 520 | _aتقنيات،التكلم بشكل فعال:دليل مختصر للأسلوب،صناعة الكتابة المؤثرة:كيف تكتب بشكل فعال،إجراءات،كيف تبني علاقات عمل جيدة مع الإعلام،بيئة عمل الصحافيين،تطبيقات،الأعمال والصحافة،‘رسال التغذية الراجعة واستقبالها،إدارة الاجتماعات،اتصال التغيير،الاتصال مع الجمهور الخارجي،الاتصال عبر الثقافات المختلفة،الأخلاق الشخصية والمشتركة،الاتصال الإلكتروني،دراسة حالة:صحافة "دوتسورث"،دراسة حالة:"شركة إنلاند لتصنيع الفحم والفولاذ | ||
| 653 | _aإدارة أعمال | ||
| 653 | _aالإتصال | ||
| 653 | _aالإعلام - الإعلان | ||
| 700 |
_aإي.هاتيرسللي، ميشيل _eمؤلف ثانوي |
||
| 942 | _cكتاب | ||
| 999 |
_c42038 _d42038 |
||